A. WESLEY POWELL LEARNING RESOURCE CENTRE (WPLRC)

Wonderful Place to Learn, Research & Collaborate

Business English for the 70s: (Record no. 16724)

MARC details
000 -LEADER
fixed length control field nam a22 7a 4500
001 - ACCESSION NUMBER
control field 12445
003 - CONTROL NUMBER IDENTIFIER
control field OSt
005 - DATE AND TIME OF LATEST TRANSACTION
control field 20210705194906.0
008 - FIXED-LENGTH DATA ELEMENTS--GENERAL INFORMATION
fixed length control field 210705b xxu||||| |||| 00| 0 eng d
020 ## - INTERNATIONAL STANDARD BOOK NUMBER
International Standard Book Number 0130953806
040 ## - CATALOGING SOURCE
Transcribing agency DDC
082 ## - DEWEY DECIMAL CLASSIFICATION NUMBER
Classification number R/418 BAR
100 ## - MAIN ENTRY--PERSONAL NAME
Relator code Robert E. Barry
245 ## - TITLE STATEMENT
Title Business English for the 70s:
Remainder of title A text Workbook
Statement of responsibility, etc. Robert E Barry
250 ## - EDITION STATEMENT
Edition statement 2 edition
260 ## - PUBLICATION, DISTRIBUTION, ETC. (IMPRINT)
Place of publication, distribution, etc. New Jersey
Name of publisher, distributor, etc. Prentice Hall INC
Date of publication, distribution, etc. 1975
300 ## - PHYSICAL DESCRIPTION
Extent 452 P, :
Other physical details ill,
Dimensions 28 cm
942 ## - ADDED ENTRY ELEMENTS (KOHA)
Source of classification or shelving scheme Dewey Decimal Classification
Koha item type Books

No items available.